000 00572nam a2200181Ia 4500
008 090124s9999 xx 000 0 und d
082 _b32689
100 _aगोळे नंदकुमार द.
245 _a योग : एक जीवनशैली
250 _a1
260 _c2004
300 _a140
600 _aगोळे नंदकुमार द.
630 _a योग : एक जीवनशैली
700 _aगोळे नंदकुमार द.
730 _a योग : एक जीवनशैली
942 _cBOOK
999 _c179111
_d179111